000 02736cam a22005174i 4500
001 u48535
003 PE-LiUPU
005 20250731183425.0
008 150706s2007 mx a r 000 0 spa d
020 _a9682475996
020 _a9789682475993
035 _a(Sirsi) i9789682475993
040 _aPE-LiUPU
_bspa
_cPE-LiUPU
_erda
049 _aPRUA
082 0 4 _a720.284
_bM26
_221
100 1 _aMarín de L ́Hotellerie, José Luis,
_eautor.
245 1 0 _aDibujo arquitectónico :
_btécnicas y texturas /
_cJosé Luis Marín de L ́Hotellerie.
250 _aCuarta edición.
264 1 _aMéxico :
_bTrillas,
_c2007 (reimp. 2008).
300 _a193 páginas :
_bilustraciones ;
_c27 centímetros
336 _atext
_2rdacontent
337 _aunmediated
_2rdamedia
338 _avolume
_2rdacarrier
500 _a"Técnicas y texturas en el dibujo arquitectónico"-- en el título anterior.
505 0 _aÁrboles -- Plantas arquitectónicas -- Fachadas -- Techumbres y conjuntos -- Cortes -- Perspectivas.
526 _aP158
526 _aP146
526 _aP17
526 _aP12
526 _aP06
541 _g048-0005626;
541 _g0020-0001185;
541 _g015-0011556;
596 _a1 2
650 0 4 _aDibujo arquitectónico.
910 _bjv
_cjvm
_d20100511
910 _adbm
_bncf
_cncf
_d20190430
942 _2ddc
_cBOOK
949 _a720.284 M26 2015
_wDEWEY
_c1
_iFT03266
_lCCODEBUT1
_mBUT
_p21.44
_r0
_sY
_tBOOK
_u2017-10-10
_xINGENIERIA
_PP06
_0COMPRA
_o.STAFF. Colección General
949 _a720.284 M26
_wDEWEY
_c1
_i61598
_d2018-5-4
_e2018-5-2
_f2018-2-12
_g4
_lCCODEBUL1
_mBUL
_n19
_p32.00
_q1
_r0
_sY
_tBOOK
_u2015-7-6
_xINGENIERIA
_PP06
_0COMPRA
_o.STAFF. Colección Ciencias Empresariales
949 _a720.284 M26
_wDEWEY
_c2
_i74701
_d2017-8-10
_e2017-8-9
_f2018-2-19
_g4
_lCCODEBUL1
_mBUL
_n10
_p32.00
_r0
_sY
_tBOOK
_u2016-9-26
_xINGENIERIA
_PP06
_0COMPRA
_o.STAFF. Colección Ingeniería y Arquitectura
994 _aC0
_bPEPRU
999 _a720.284 M26
_wDEWEY
_c50787
_i61598
_d50787
_e2019-9-6
_f2021-11-9
_g8
_lCCODEBUL1
_mBUL
_n22
_p32.00
_q2
_r0
_sY
_tBOOK
_u2015-7-6
_xINGENIERIA
_PP06
_0COMPRA
_o.STAFF. Colección Ciencias Empresariales
999 _a720.284 M26
_wDEWEY
_c2
_i74701
_d2022-6-19
_e2022-6-16
_f2021-11-9
_g7
_lCCODEBUL1
_mBUL
_n18
_p32.00
_q3
_r0
_sY
_tBOOK
_u2016-9-26
_xINGENIERIA
_PP06
_0COMPRA
_o.STAFF. Colección Ingeniería y Arquitectura
999 _a720.284 M26 2015
_wDEWEY
_c1
_iFT03266
_f2019-2-20
_g1
_lCCODEBUT1
_mBUT
_p21.44
_r0
_sY
_tBOOK
_u2017-10-10
_xINGENIERIA
_PP06
_0COMPRA
_o.STAFF. Colección General
980 _81
_gALBERTO SANCHEZ Responsable de Automatización